000 00392cam a22001097a 4500
008 180718b2011 xxu||||| |||| 00| 0 eng d
082 _aB253x54 Si64
100 _aSinghvi,Abhishek Manu
245 _aFirst Rajiv gandhi memorial lecture 20 may 2011:parliamentary democracy in India
_cBy Abhishek Manu Singhvi
260 _aNew delhi
_bIndial institute of public adminstration
_c2011
300 _a24
999 _c502470
_d502470